000 00935nam a22002777a 4500
999 _c332032
_d332032
001 45933
003 UA-OsUOA
005 20230504161241.0
007 ta
008 20070522b un ||||| |||| 00| 0 ukr d
020 _a9665748858
040 _aUA-OsUOA
_bukr
_cUA-OsUOA
_dUA-OsUOA
041 _aukr
080 _a004(075.8)
090 _a004(075.8)
_bК95
100 _aКучерява Т. О.
245 _aІнформатика та комп'ютерна техніка: активізація навчання
_bпрактикум для індивідуальної роботи
260 _aК.
_bКНЕУ
_c2006
300 _a448 с.
650 7 _a00 Загальні питання науки і культури
_2UDC
700 _aСільченко М. В.
700 _aШабаліна І. В.
942 _cBK
_2udc
955 _a2